000 00737nam a2200241 a 4500
003 CL-SaCFP
005 20260210155102.0
008 090915s2009 vac 000 0 spa
020 _a9789568033088
040 _cCL
082 0 4 _a658 R586 2009
_221
100 1 _aRíos Nouveau, Rodrigo
245 1 0 _aManual de servicio y atención al cliente /
_cRodrigo Ríos Nouveau.
250 _a1a. ed.
260 _aViña del Mar :
_bEd. Emprenden,
_cc2009
_e([Santiago] :
_fSalesianos Impresores S.A.)
300 _a218 p. ;
_c20 cm.
650 7 _aServicio al cliente
650 7 _aSatisfacción del consumidor
650 7 _aAdministración de empresas
650 7 _aRelaciones con los clientes
942 _2ddc
_cLIBRO
949 _au
_bn
999 _c16312
_d16312